France. Légation (U.S.) minutes, (Record no. 42907)
[ view plain ]
| 000 -LEADER | |
|---|---|
| fixed length control field | 01191cpcaa2200301 4500 |
| 001 - CONTROL NUMBER | |
| control field | mm 80059311 |
| 003 - CONTROL NUMBER IDENTIFIER | |
| control field | DLC |
| 005 - DATE AND TIME OF LATEST TRANSACTION | |
| control field | 20260227111705.0 |
| 008 - FIXED-LENGTH DATA ELEMENTS--GENERAL INFORMATION | |
| fixed length control field | 810119|||||||||||| eng |
| 010 ## - LIBRARY OF CONGRESS CONTROL NUMBER | |
| LC control number | mm 80059311 |
| 040 ## - CATALOGING SOURCE | |
| Original cataloging agency | DLC |
| Transcribing agency | DLC |
| Description conventions | dacs |
| Modifying agency | DLC |
| 072 #7 - SUBJECT CATEGORY CODE | |
| Subject category code | C |
| Source | lcmd |
| 110 1# - MAIN ENTRY--CORPORATE NAME | |
| Corporate name or jurisdiction name as entry element | France. |
| Subordinate unit | Légation (U.S.) |
| 245 00 - TITLE STATEMENT | |
| Title | France. Légation (U.S.) minutes, |
| Inclusive dates | 1777-1793. |
| 300 ## - PHYSICAL DESCRIPTION | |
| Extent | 100 |
| Type of unit | items. |
| 300 ## - PHYSICAL DESCRIPTION | |
| Extent | 3 |
| Type of unit | containers. |
| 300 ## - PHYSICAL DESCRIPTION | |
| Extent | 1.0 |
| Type of unit | linear feet. |
| 506 0# - RESTRICTIONS ON ACCESS NOTE | |
| Terms governing access | Open to research. |
| 520 8# - SUMMARY, ETC. | |
| Summary, etc. | Minutes of the French legation to the U.S. |
| 533 ## - REPRODUCTION NOTE | |
| Type of reproduction | Photostats of originals in the Papers of Benjamin Franklin, Yale University (New Haven, Conn.). |
| 535 1# - LOCATION OF ORIGINALS/DUPLICATES NOTE | |
| Custodian | Connecticut: Yale University Library/Papers of Benjamin Franklin, New Haven. |
| 546 ## - LANGUAGE NOTE | |
| Language note | Collection material in English. |
| 555 8# - CUMULATIVE INDEX/FINDING AIDS NOTE | |
| Cumulative index/finding aids note | Finding aid available in the Library of Congress Manuscript Reading Room. |
| 600 10 - SUBJECT ADDED ENTRY--PERSONAL NAME | |
| Personal name | Franklin, Benjamin, |
| Dates associated with a name | 1706-1790. |
| 651 #0 - SUBJECT ADDED ENTRY--GEOGRAPHIC NAME | |
| Geographic name | France |
| General subdivision | Foreign relations |
| Geographic subdivision | United States. |
| 651 #0 - SUBJECT ADDED ENTRY--GEOGRAPHIC NAME | |
| Geographic name | United States |
| General subdivision | Foreign relations |
| Geographic subdivision | France. |
No items available.